Music Quiz

Random Music or Classical Quiz

Opera Composers II Quiz Stats

 Plays Quiz Updated Feb 12, 2020

Support Sporcle.
Go Orange.
Score 0/25 Timer 07:00
1 Play Today
Opera Composer % Correct
CarmenGeorges Bizet
84.3%
Porgy and BessGeorge Gershwin
73.5%
Die FledermausJohan Strauss II
66.3%
The Pirates of PenzanceGilbert and Sullivan
65.3%
Eugene OneginPyotr Tchaikovsky
65.1%
Dido and AeneasHenry Purcell
55.1%
The Rake's ProgressIgor Stravinsky
52.1%
L'OrfeoClaudio Monteverdi
51.7%
Les contes d'HoffmannJacques Offenbach
50.3%
RinaldoGeorge Frideric Handel
49%
FaustCharles Gounod
48.6%
Pelléas et MélisandeClaude Debussy
45.8%
NormaVincenzo Bellini
45.4%
Opera Composer % Correct
Boris GodunovModest Mussorgsky
45%
WozzeckAlban Berg
43.6%
The Bartered BrideBedřich Smetana
42.2%
Prince IgorAlexander Borodin
39.2%
RusalkaAntonín Dvořák
39.1%
Bluebeard's CastleBéla Bartók
38.5%
The Threepenny OperaKurt Weill
37.7%
PagliacciRuggero Leoncavallo
36.2%
The Merry WidowFranz Lehár
33.6%
War and PeaceSergei Prokofiev
33.4%
ManonJules Massenet
32.9%
Le ProphèteGiacomo Meyerbeer
20.1%

From the Vault

Graphic Novelized Movies II

by Propellerhead

Movies 6m
The new craze isn't comic book movies. It's turning movies into comic books.
Remove Ads.
Support Sporcle.
Get the best of Sporcle when you Go Orange. This ad-free experience offers more features, more stats, and more fun while also helping to support Sporcle. Thank you for becoming a member.

Show Comments

Extras

Top Quizzes Today


Score Distribution

Your Account Isn't Verified!

In order to create a playlist on Sporcle, you need to verify the email address you used during registration. Go to your Sporcle Settings to finish the process.

Report this User

Report this user for behavior that violates our Community Guidelines.

Details: